| 000 | 01116cam a2200253 4500 | ||
|---|---|---|---|
| 001 | ABS65182 | ||
| 008 | 020227n2002 000 0 eng u | ||
| 035 | _a(Sirsi) u116884 | ||
| 100 | _aNiven, R | ||
| 245 | _aMarket values take the lead | ||
| 260 | _c2002 | ||
| 490 |
_aPlanning (for the Natural and Built Environment) _v(1452) 4 January 2002, 8(1) |
||
| 520 | _aExamines the implications of the Green Paper's business planning zones. Proposes that no planning consent will be necessary for developments which meet prescribed criteria within BPZ's. Various opinions are covered, including that of Gary Halman, chair of RICS planning and development faculty, who comments that it is important that BPZ's are easier to implement than earlier initiatives, which were very time-consuming. | ||
| 590 | _aABS | ||
| 650 | _aBUSINESS PLANNING ZONES | ||
| 650 | _aBPZS | ||
| 650 | _aREGIONAL DEVELOPMENT AGENCIES | ||
| 650 | _aRDAS | ||
| 650 | _aSIMPLIFIED PLANNING ZONES | ||
| 650 | _aSPZS | ||
| 650 | _aGREEN PAPER | ||
| 690 | _aENVIRONMENTAL AND LAND CONSULTANCY-PLANNING AND DEVELOPMENT | ||
| 942 | _n0 | ||
| 999 |
_c69621 _d69621 |
||